| 000 | 01571cam a2200433 a 4500 | ||
|---|---|---|---|
| 001 | 15102608 | ||
| 003 | OSt | ||
| 005 | 20230607102351.0 | ||
| 008 | 071204r20071968nyu b 000 f eng d | ||
| 010 | _a 2007300045 | ||
| 020 | _a9780451530547 | ||
| 020 | _a0451530543 | ||
| 035 | _a(OCoLC)ocn144808275 | ||
| 040 |
_aBNY _cBNY _dBAKER _dDLC |
||
| 041 | 1 |
_aeng _hrus |
|
| 042 | _alccopycat | ||
| 043 |
_ae-ur--- _ae-fr--- |
||
| 050 | 0 | 0 |
_aPG3366 _b.V6 2007b |
| 082 | 0 | 0 |
_a891.73/3 _222 |
| 100 | 1 |
_aTolstoy, Leo, _cgraf, _d1828-1910. |
|
| 240 | 1 | 0 |
_aVoĭna i mir. _lEnglish |
| 245 | 1 | 0 |
_aWar and peace / _cLeo Tolstoy ; translated by Ann Dunnigan ; with a new introduction by Pat Conroy. |
| 260 |
_aNew York : _bSignet Classic, _c2007. |
||
| 300 |
_a1455 p. ; _c18 cm. |
||
| 490 | 0 | _aSignet classics | |
| 500 | _aTranslation of: Voĭna i mir. | ||
| 504 | _aIncludes bibliographical references (p. 18-19). | ||
| 650 | 0 |
_aNapoleonic Wars, 1800-1815 _xCampaigns _zRussia _vFiction. |
|
| 651 | 0 |
_aRussia _xHistory _yAlexander I, 1801-1825 _vFiction. |
|
| 655 | 7 |
_aHistorical fiction. _2gsafd |
|
| 655 | 7 |
_aWar stories. _2gsafd |
|
| 700 | 1 | _aDunnigan, Ann. | |
| 700 | 1 | _aConroy, Pat. | |
| 856 | 4 | 2 |
_3Publisher description _uhttp://www.loc.gov/catdir/enhancements/fy0806/2007300045-d.html |
| 856 | 4 | 2 |
_3Contributor biographical information _uhttp://www.loc.gov/catdir/enhancements/fy1204/2007300045-b.html |
| 906 |
_a7 _bcbc _ccopycat _d2 _encip _f20 _gy-gencatlg |
||
| 942 |
_2ddc _cBK |
||
| 999 |
_c802 _d802 |
||